Score 0/15 Timer 05:00
0 Plays Today
% Correct
Roman catholic bible has the books of apocrpha
30.8%
t-torah n-neuim k-ketuim
26.7%
Because the new testament is their bible
26.7%
Curse on the earth
23.1%
Hebrew bible
20%
Rebuild the temple
15.4%
Apocroph
15.4%
Jewish Feastations
15.4%
% Correct
Hidden,concealed
15.4%
Hebrew bible is unchanged
13.3%
Law,history,Poetry,majorprophets,minor prohets
13.3%
Hebrew
7.7%
Prophecy of john bapitish
7.7%
Lemations,temple was destoyed
7.7%
King james verison
6.7%
Remove Ads.
Support Sporcle.
Get the best of Sporcle when you Go Orange. This ad-free experience offers more features, more stats, and more fun while also helping to support Sporcle. Thank you for becoming a member.

You're not logged in!

Compare scores with friends on all Sporcle quizzes.
OR
Log In

Show Comments

Extras

Created Jan 8, 2015ReportNominate
Tags:Clickable Quiz, 1-2, Review, unit

Top Quizzes Today


Score Distribution

Your Account Isn't Verified!

In order to create a playlist on Sporcle, you need to verify the email address you used during registration. Go to your Sporcle Settings to finish the process.

Report this User

Report this user for behavior that violates our Community Guidelines.

Details: